000 00468nam a2200181Ia 4500
005 20250423101422.0
008 250422s9999 xx 000 0 und d
020 _a9789780620184
050 _aPN 4781 .G36/
100 _aGaniyu, Mudathir
245 4 _aThe reporter’s companion: a complete guide to news reporting and writing
250 _a2nd ed.
260 _aIbadan
260 _bEmgee Publishing Ltd.
260 _c2010
300 _a299 p
942 _cBK
999 _c36247
_d36247